Goyant challant ghollpi konkani utraval (Record no. 99156)
[ view plain ]
| 000 -LEADER | |
|---|---|
| fixed length control field | 00658nam a2200205Ia 4500 |
| 003 - CONTROL NUMBER IDENTIFIER | |
| control field | OSt |
| 005 - DATE AND TIME OF LATEST TRANSACTION | |
| control field | 20260610111505.0 |
| 008 - FIXED-LENGTH DATA ELEMENTS--GENERAL INFORMATION | |
| fixed length control field | 210210b1995 xxu||||| |||| 00| 0 eng d |
| 040 ## - CATALOGING SOURCE | |
| Transcribing agency | AL |
| 041 ## - LANGUAGE CODE | |
| Language code of text/sound track or separate title | Konkani |
| 082 ## - DEWEY DECIMAL CLASSIFICATION NUMBER | |
| Classification number | 491.463 MAHG |
| 100 ## - MAIN ENTRY--PERSONAL NAME | |
| Personal name | MAHALE (Kashinath Ja). |
| 9 (RLIN) | 62698 |
| Dates associated with a name | महाले (काशीनाथ ज.) |
| 245 ## - TITLE STATEMENT | |
| Title | Goyant challant ghollpi konkani utraval |
| Remainder of title | गोंयांत चल्लांत घोळपी कोंकणी उत्रावळ |
| 260 ## - PUBLICATION, DISTRIBUTION, ETC. | |
| Place of publication, distribution, etc. | Goa |
| Name of publisher, distributor, etc. | Goa Konkani Akademi |
| Date of publication, distribution, etc. | 1995 |
| 300 ## - PHYSICAL DESCRIPTION | |
| Extent | 247 |
| 650 ## - SUBJECT ADDED ENTRY--TOPICAL TERM | |
| Topical term or geographic name entry element | Goa |
| 9 (RLIN) | 265614 |
| 690 ## - LOCAL SUBJECT ADDED ENTRY--TOPICAL TERM (OCLC, RLIN) | |
| Topical term or geographic name as entry element | Konkani Dictionary |
| 9 (RLIN) | 62699 |
| 906 ## - LOCAL DATA ELEMENT F, LDF (RLIN) | |
| a | 050548 |
| 942 ## - ADDED ENTRY ELEMENTS (KOHA) | |
| Source of classification or shelving scheme | Dewey Decimal Classification |
| Koha item type | Book |
| Withdrawn status | Lost status | Source of classification or shelving scheme | Damaged status | Not for loan | Collection code | Home library | Current library | Date acquired | Cost, normal purchase price | Total Checkouts | Full call number | Barcode | Date last seen | Price effective from | Koha item type |
|---|---|---|---|---|---|---|---|---|---|---|---|---|---|---|---|
| Dewey Decimal Classification | Konkani | St Aloysius Library | St Aloysius Library | 02/17/2021 | 80.00 | 491.463 MAHG | 050548 | 02/17/2021 | 02/17/2021 | Book | |||||
| Dewey Decimal Classification | Konkani | St Aloysius Library | St Aloysius Library | 02/17/2021 | 80.00 | 491.463 MAHG | 050547 | 02/17/2021 | 02/17/2021 | Book |